[Event "IND-ch"]
[Site "Nagpur"]
[Date "1999.04.03"]
[Round "12"]
[White "Konguveel, Ponnuswamy"]
[Black "Koshy, Varugeese"]
[Result "1-0"]
[WhiteElo "2436"]
[BlackElo "2368"]

1.e4 d6 2.d4 g6 3.Nc3 Bg7 4.Be3 c6 5.Qd2 Nd7 6.h4 h5 7.Nh3 b5 8.a4 b4 9.Nd1 Rb8
10.Ng5 Nh6 11.f3 Qa5 12.b3 c5 13.Nb2 cxd4 14.Bxd4 Bxd4 15.Qxd4 Qe5 16.O-O-O Qxd4
17.Rxd4 Ne5 18.Nc4 Nc6 19.Rd2 f6 20.Nh3 Nf7 21.Nf4 Nfe5 22.Ne3 Kf7 23.Bb5 Bb7
24.Kb2 Rhc8 25.Nfd5 e6 26.Nf4 Rd8 27.Nc4 Ke7 28.Bxc6 Bxc6 29.Rhd1 Nxc4+ 30.bxc4 e5
31.Nd5+ Kf7 32.a5 f5 33.exf5 gxf5 34.Kb3 Bxd5 35.Rxd5 Ke7 36.c5 dxc5 37.Rxe5+ Kf6
38.Rxd8 Rxd8 39.Rxc5 Rd2 40.Kxb4 Rxg2 41.Kb5 Rh2 42.Rc4 Rh3 43.Ka6 Rxf3 44.Kxa7 Ra3
45.a6 Ke5 46.Kb6 f4 47.a7 f3 48.Rc8 f2 49.Rf8 Ra2 50.Rxf2 Rb2+ 51.Kc7 Ra2
52.Kb8 Rb2+ 53.Kc8  1-0

[Event "Dreifluesse op 7th"]
[Site "Passau"]
[Date "1999.04.03"]
[Round "3"]
[White "Rottner, Wolfgang"]
[Black "Baumeister, Michael"]
[Result "1/2-1/2"]
[WhiteElo "1596"]
[BlackElo "1672"]

1.e4 d6 2.d4 g6 3.Nc3 Bg7 4.f4 Nf6 5.Nf3 O-O 6.Be2 c5 7.d5 Qa5 8.Bd2 Qc7
9.O-O a6 10.a4 Bg4 11.h3 Bxf3 12.Bxf3 Nbd7 13.Qc1 Rab8 14.Ne2 b5 15.axb5 axb5
16.c3 c4 17.Ra6 Rb6 18.Qa1 Nc5 19.Rxb6 Qxb6 20.Be3 Qc7 21.Ng3 Nfd7 22.Qa3 Re8
23.Ra1 Na4 24.Bd1 Ndc5 25.Bc2 Rb8 26.Ra2 h5 27.Bxc5 Qxc5+ 28.Qxc5 Nxc5 29.Ra7 Bf6
30.Nf1 b4 31.e5 dxe5 32.Rc7 bxc3 33.bxc3 Nd3 34.Rxc4 Nxf4 35.Be4 Rb3 36.Rc8+ Kg7
37.c4 Rb2 38.c5 Ne2+ 39.Kh2 Bg5 40.h4 Bxh4 41.c6 f5 42.c7 fxe4 43.Rg8+ Kxg8
44.c8=Q+ Kg7 45.d6 Rb1 46.Qc2 Rxf1 47.Qxe2 Re1 48.Qa6 exd6 49.Qxd6 Bf6 50.Qd7+ Kh8
51.Qe8+ Kh7 52.Qd7+ Bg7 53.Qd2 Rf1 54.Qe2 Rf4 55.g3 Rg4 56.Kh3 g5 57.Qf2 Kg6
58.Qb6+ Bf6 59.Qb3 Kf5 60.Qf7 e3 61.Qxh5 Rd4 62.Qf3+ Ke6 63.Qxe3 g4+ 64.Kg2 e4
65.Qb3+ Ke5 66.Qe3 Be7 67.Qf4+ Kd5 68.Qf5+ Kd6 69.Qxg4  1/2-1/2

[Event "Dreifluesse op 7th"]
[Site "Passau"]
[Date "1999.04.03"]
[Round "3"]
[White "Klimpel, Thomas"]
[Black "Weiland, Guenter"]
[Result "1/2-1/2"]
[WhiteElo "2151"]
[BlackElo "1872"]

1.e4 g6 2.d4 Bg7 3.Nc3 d6 4.Be3 a6 5.a4 Nd7 6.Bc4 Ngf6 7.f3 e5 8.Nge2 exd4
9.Bxd4 Qe7 10.O-O O-O 11.h3 Ne5 12.Ba2 Nc6 13.Bf2 h6 14.Nf4 Kh7 15.Rb1 g5
16.Nfd5 Qd8 17.f4 Nxd5 18.exd5 Nb4 19.Bc4 Bf5 20.fxg5 Qxg5 21.Bb3 Rae8 22.Qf3 Bg6
23.Rbc1 a5 24.h4 Qf5 25.Qxf5 Bxf5 26.Bg3 Bg6 27.Kh2 Na6 28.Rce1 Bxc3 29.bxc3 Nc5  1/2-1/2

[Event "Dreifluesse op 7th"]
[Site "Passau"]
[Date "1999.04.03"]
[Round "4"]
[White "Schmidt, Martin"]
[Black "Hennig, Bernd"]
[Result "1-0"]
[WhiteElo "2150"]
[BlackElo "1880"]

1.e4 d6 2.d4 g6 3.Nc3 Bg7 4.Be3 a6 5.a4 c6 6.Qd2 Nd7 7.Nf3 Qa5 8.Bd3 Ngf6
9.O-O O-O 10.h3 e5 11.Rfb1 exd4 12.Nxd4 Qh5 13.Be2 Qe5 14.Nf3 Qe7 15.Bf4 d5
16.exd5 cxd5 17.Re1 Qb4 18.Bf1 Nb6 19.a5 Nh5 20.Be5 Nc4 21.Bxc4 dxc4 22.Bd6 Qxb2
23.Bxf8 Bxc3 24.Qd8  1-0

[Event "Dreifluesse op 7th"]
[Site "Passau"]
[Date "1999.04.04"]
[Round "6"]
[White "Stanzl, Matthias"]
[Black "Luetzen, Patrick"]
[Result "1/2-1/2"]
[WhiteElo "1957"]
[BlackElo "1636"]

1.e4 g6 2.d4 Bg7 3.Nc3 d6 4.Be3 Nf6 5.f3 O-O 6.Qd2 Nbd7 7.Bd3 c6 8.Nge2 e5
9.O-O exd4 10.Nxd4 Ne5 11.Be2 d5 12.Bf4 Nh5 13.Bxe5 Bxe5 14.f4 Nxf4 15.Rxf4 Qb6
16.exd5 Bxf4 17.Qxf4 Qxb2 18.Rf1 Qxc3 19.d6 Bd7 20.h4 Rae8 21.Rf3 Qc5 22.Kh1 Qe5
23.Bc4 Qxf4 24.Rxf4 c5 25.Nf3 Be6 26.Ng5 Bxc4 27.Rxc4 h6 28.Ne4 Rxe4 29.Rxe4 Rd8
30.Re7 Rxd6 31.Rxb7 Ra6 32.Rc7 Rxa2 33.Rxc5 Ra1+ 34.Kh2 a5 35.c4 Kf8 36.Rc7 a4
37.c5 a3 38.c6  1/2-1/2

[Event "Baden Casino op"]
[Site "Baden"]
[Date "1999.04.05"]
[Round "5"]
[White "Rahls, Peter"]
[Black "Goldstern, Flip"]
[Result "0-1"]
[WhiteElo "2238"]
[BlackElo "2372"]

1.e4 g6 2.d4 Bg7 3.Nc3 d6 4.Be3 c6 5.a4 Nf6 6.f3 Nbd7 7.Nh3 c5 8.e5 dxe5
9.dxe5 Nxe5 10.Qxd8+ Kxd8 11.O-O-O+ Kc7 12.Nf4 b6 13.Nd3 Nc6 14.a5 Nxa5 15.Bf4+ Kb7
16.b4 cxb4 17.Nxb4 a6 18.Bd3 Nc6 19.Nxc6 Kxc6 20.g4 Be6 21.Rhe1 h6 22.Be5 Ra7
23.h4 b5 24.Ne2 Bc8 25.Nc3 Rd7 26.g5 hxg5 27.hxg5 Nh5 28.Na2 Bxe5 29.Rxe5 Kb6
30.Nc3 Nf4 31.Re4 Nxd3+ 32.Rxd3 Rxd3 33.cxd3 Be6 34.Kd2 Rh2+ 35.Ke3 Rc2 36.Ne2 Rc7
37.Rh4 a5 38.Nf4 Bb3 39.Ne2 a4  0-1

[Event "Dreifluesse op 7th"]
[Site "Passau"]
[Date "1999.04.05"]
[Round "7"]
[White "Brueckl, Edgar"]
[Black "Loos, Stephan"]
[Result "1/2-1/2"]
[WhiteElo "1811"]
[BlackElo "2240"]

1.e4 g6 2.d4 Bg7 3.Nc3 d6 4.g3 Nf6 5.Bg2 O-O 6.Nf3 Nbd7 7.O-O e5 8.dxe5 dxe5
9.h3 c6 10.Be3 Qe7 11.Nd2 b5 12.a3 Rd8 13.Qe1 Nb6 14.g4 Be6 15.b3 Nfd7 16.Qe2 a5
17.a4 b4 18.Nd1 Nc5 19.Nb2 Bc8 20.Rfd1 Ba6 21.Ndc4 Nxc4 22.Nxc4 Ne6 23.Bf1 Nd4
24.Bxd4 exd4 25.Qf3 d3 26.Bxd3 Bxa1 27.Rxa1 Kg7 28.Re1 Bxc4 29.Bxc4 Qf6 30.Qe2 Qf4
31.Bd3 Re8 32.Kg2 Rad8 33.f3 Re5 34.Rg1 h5 35.Qf2 hxg4 36.hxg4 Rh8 37.Qg3 Qd2+
38.Kf1 Qd1+ 39.Kg2 Qd2+ 40.Kf1 Ree8 41.Rg2 Qd1+ 42.Kf2 Rh1 43.Rg1  1/2-1/2

[Event "Dreifluesse op 7th"]
[Site "Passau"]
[Date "1999.04.05"]
[Round "7"]
[White "Jaracz, Pawel"]
[Black "Polzin, Rainer"]
[Result "1/2-1/2"]
[WhiteElo "2439"]
[BlackElo "2443"]

1.e4 g6 2.d4 Bg7 3.Nc3 d6 4.f4 c6 5.Nf3 Nd7 6.Bd3 c5 7.dxc5 Nxc5 8.O-O b5
9.Qe1 Bb7 10.a3 Nf6 11.f5 d5 12.e5 Nfe4 13.fxg6 hxg6 14.Ne2 Qc7 15.Bf4 Ne6
16.Bg3 g5 17.h3 g4 18.hxg4 Bh6 19.Bxe4 dxe4 20.Nfd4 Be3+ 21.Bf2 Bxd4 22.Bxd4 Nxd4
23.Nxd4 Qxe5 24.Qe3 Rd8 25.Nf5 Bc8 26.Rf4 Bxf5 27.gxf5 Qxb2 28.Re1 Qd4 29.Rxe4 Qxe3+
30.R1xe3 Rd7 31.c4 a6 32.cxb5 axb5 33.Re5 Rb7 34.Rb3  1/2-1/2

[Event "IND-ch"]
[Site "Nagpur"]
[Date "1999.04.06"]
[Round "15"]
[White "Rathore, SK."]
[Black "Shankar, Roy"]
[Result "1-0"]
[WhiteElo "2372"]
[BlackElo "2394"]

1.e4 g6 2.d4 Bg7 3.Nc3 d6 4.Nf3 Nf6 5.Be2 O-O 6.O-O c6 7.a4 a5 8.h3 Na6 9.Be3 Qc7
10.Qd2 Nb4 11.Rac1 Re8 12.Rfd1 b6 13.g4 Ba6 14.Bxa6 Rxa6 15.Nh2 e5 16.dxe5 dxe5
17.Qd6 Qc8 18.Bg5 b5 19.Bxf6 c5 20.Qd7 Rxf6 21.g5 Rf4 22.Qxc8 Rxc8 23.axb5 h6
24.f3 Rh4 25.Rd7 hxg5 26.b6 f5 27.Rc7 Rb8 28.b7 Bf8 29.Rd1 Rh7 30.Rdd7 Rxd7
31.Rxd7 c4 32.Nf1 Na6 33.Nd5 Kh8 34.exf5 Nc5 35.Rf7 gxf5 36.Rxf5 Nxb7 37.Nd2 Nd6
38.Rxg5 Rxb2 39.Nf6 Bg7 40.Rh5+ Bh6 41.Rxh6+ Kg7 42.Ng4 Nf7 43.Rc6 Rxc2 44.Nxc4 Ng5
45.Rc7+ Kh8 46.Ngxe5 Nxh3+ 47.Kf1 Ng5 48.Ra7 Kg8 49.Nd6 Rc5 50.Ng4 Rc6 51.f4 Nh7
52.Nh6+ Kh8 53.Ndf7+  1-0

[Event "Budapest FS04 ELO"]
[Site "Budapest"]
[Date "1999.04.07"]
[Round "5"]
[White "Jansen, F."]
[Black "Fliszar, Dezso"]
[Result "0-1"]
[WhiteElo "2144"]
[BlackElo "2013"]

1.e4 d6 2.d4 g6 3.Nc3 Bg7 4.Be2 Nf6 5.g4 O-O 6.Be3 c6 7.g5 Ne8 8.a4 e5 9.dxe5 Bxe5
10.f4 Bg7 11.h4 Qe7 12.Bd4 f5 13.h5 fxe4 14.hxg6 hxg6 15.Qd2 Bf5 16.O-O-O Nd7
17.Bxg7 Nxg7 18.Bc4+ Be6 19.Bxe6+ Qxe6 20.Qxd6 Nb6 21.Qxe6+ Nxe6 22.Nxe4 Rxf4
23.Nf6+ Kf7 24.Rh7+ Ng7 25.a5 Ra4 26.b4 Ra1+  0-1

[Event "St Petersburg-ch (Women)"]
[Site "St Petersburg"]
[Date "1999.04.07"]
[Round "2"]
[White "Khramtsova, Elena"]
[Black "Sakaeva, N."]
[Result "1-0"]
[WhiteElo "2090"]
[BlackElo "2015"]

1.e4 d6 2.d4 g6 3.Nc3 Bg7 4.Be3 Nd7 5.Qd2 e5 6.Nf3 Ngf6 7.h3 exd4 8.Nxd4 Nc5
9.f3 O-O 10.Bh6 Nh5 11.Bxg7 Qh4+ 12.Qf2 Qxf2+ 13.Kxf2 Nxg7 14.Nd5 Ne8 15.g4 Ne6
16.c3 c6 17.Ne3 Nxd4 18.cxd4 Nc7 19.Rd1 Kg7 20.Bd3 Be6 21.b3 f6 22.Bc4 Bd7
23.Rhe1 b5 24.Bf1 a5 25.Kg3 a4 26.b4 Rae8 27.a3 Na8 28.Rc1 Rc8 29.Bd3 Nb6
30.f4 Be6 31.f5 gxf5 32.gxf5 Bb3 33.Kf4 Kf7 34.Rg1 Ke7 35.h4 Rg8 36.Rxg8 Bxg8
37.h5 Bf7 38.h6 Kd7 39.d5 cxd5 40.Bxb5+ Kd8 41.Rxc8+ Kxc8 42.exd5 Kd8 43.Ke4 Bh5
44.Kd4 Kc7 45.Bc6 Be2 46.Ng2 Bg4 47.Ne3 Bf3 48.Bb5 Bh5 49.Nc4 Bg4 50.Nxb6 Kxb6
51.Bd7 Kc7 52.Be6 Kd8 53.Ke4 Ke7 54.b5  1-0

[Event "Baden Casino op"]
[Site "Baden"]
[Date "1999.04.08"]
[Round "7"]
[White "Rahls, Peter"]
[Black "Ramseier, Jana S"]
[Result "0-1"]
[WhiteElo "2238"]
[BlackElo "2148"]

1.e4 g6 2.d4 Bg7 3.Nc3 d6 4.Be3 c6 5.f3 a6 6.Bc4 b5 7.Bb3 Nd7 8.a4 Nb6 9.axb5 axb5
10.Rxa8 Nxa8 11.Qa1 Bd7 12.Nge2 Nc7 13.O-O Nf6 14.Qe1 O-O 15.Qh4 Be6 16.Bxe6 Nxe6
17.Nd1 c5 18.d5 Nc7 19.Nf2 Qa8 20.c3 Qa2 21.Bc1 Qc4 22.Re1 b4 23.Qh3 Nb5
24.Bd2 bxc3 25.bxc3 Qa2 26.Bg5 Qc2 27.Nd1 Ra8 28.Kf2 Qd3 29.c4 Qxc4 30.Ne3 Qa2
31.Kf1 Qb2 32.Nc4 Qb3 33.Nb6 Rd8 34.Nc8 Bf8 35.Bxf6 exf6 36.Nb6 Na3 37.f4 Qxh3
38.gxh3 Re8 39.Ng3 Nc2 40.Re2 Nb4 41.h4 h5 42.Kg2 Bh6 43.f5 Nd3 44.Ra2 Ne5
45.Ra7 Rb8 46.Nd7 Rb2+ 47.Kf1 Nxd7 48.Rxd7 Bf4 49.Kg1 c4 50.Rc7 Be3+ 51.Kf1 Bc5
52.fxg6 fxg6 53.Ne2 Rb3 54.Ng3 Rb1+ 55.Ke2 Rb2+ 56.Kd1 Rxh2 57.e5 fxe5 58.Ne4 Rxh4
59.Nf6+ Kf8 60.Kc2 Bb4 61.Rd7 Rh2+ 62.Kb1 Rh1+ 63.Kc2 Rf1 64.Ne4 Rf4 65.Nxd6 Rf2+
66.Kb1 c3 67.Nc4 Be7 68.Ne3 Rb2+ 69.Ka1 Bg5 70.d6 Bxe3 71.Rd8+ Kf7 72.d7 Ke7
73.Re8+ Kxd7 74.Re7+ Kc8 75.Rc7+ Kb8 76.Rc8+ Kb7 77.Rc7+ Kb6 78.Rc6+ Kb5
79.Rc5+ Kb4 80.Rc4+ Ka3 81.Ra4+ Kb3 82.Ra3+ Kc2 83.Rxc3+ Kd2  0-1

[Event "ISR-chT"]
[Site "Israel"]
[Date "1999.04.09"]
[Round "7"]
[White "Sutovskij, Emil"]
[Black "Kanstler, Boris"]
[Result "1/2-1/2"]
[WhiteElo "2612"]
[BlackElo "2539"]

1.e4 g6 2.d4 Bg7 3.Nc3 d6 4.f4 Nf6 5.Nf3 O-O 6.Bd3 Na6 7.O-O c5 8.d5 Bg4
9.Bc4 Nd7 10.a4 Nc7 11.h3 Bxf3 12.Qxf3 a6 13.Qd3 Nb6 14.Bb3 Nd7 15.Bd2 Rb8
16.a5 b5 17.axb6 Nxb6 18.Nd1 Qd7 19.f5 Nb5 20.Rxa6 Nd4 21.Ne3 Qb7 22.Ra3 Ra8
23.Ng4 c4 24.Bxc4 Nxc4 25.Rxa8 Rxa8 26.Qxc4 Rc8 27.Qd3 Qxb2 28.c3 Qb5 29.Qe3 Nb3
30.f6 exf6 31.Nxf6+ Bxf6 32.Rxf6 Nxd2 33.Qxd2 Qb1+  1/2-1/2

[Event "Hampstead GM 5th"]
[Site "London"]
[Date "1999.04.14"]
[Round "8"]
[White "Pein, Malcolm"]
[Black "McNab, Colin Anderson"]
[Result "1-0"]
[WhiteElo "2425"]
[BlackElo "2418"]

1.d4 d6 2.e4 g6 3.Nc3 Bg7 4.f4 Nc6 5.Bb5 Bd7 6.Nf3 e6 7.Be3 Nge7 8.Qd2 d5
9.e5 Na5 10.Be2 Nc4 11.Bxc4 dxc4 12.d5 exd5 13.Nxd5 Bc6 14.Nxe7 Bxf3 15.Nxg6 Qxd2+
16.Kxd2 O-O-O+ 17.Kc3 hxg6 18.gxf3 Rh4 19.Rag1 Rdh8 20.Rg4 Rxh2 21.Rxh2 Rxh2
22.Kd4 Rh3 23.f5 Rxf3 24.fxg6 fxg6 25.Ke4 Rxe3+ 26.Kxe3 Bxe5 27.c3 b5 28.Rg5 Bd6
29.Rxb5 c5 30.Ra5 Kb7 31.Ra4 g5 32.Rxc4 Kb6 33.Re4 Kb5 34.Kd3 Bf4 35.a4+ Kc6
36.Kc4 a6 37.Re6+ Kb7 38.Kxc5 g4 39.Re4 Bc1 40.Rxg4 Bxb2  1-0

[Event "Golden Cleopatra op 3rd"]
[Site "Cairo"]
[Date "1999.04.15"]
[Round "5"]
[White "Sameeh, Hany"]
[Black "Hamed, Ahmed"]
[Result "0-1"]
[WhiteElo "2260"]
[BlackElo "2349"]

1.e4 g6 2.d4 Bg7 3.Nc3 d6 4.f4 Nf6 5.Nf3 O-O 6.Be3 b6 7.Bc4 Bb7 8.e5 Ng4
9.Qe2 c5 10.O-O-O Bxf3 11.Qxf3 Nxe3 12.Qxe3 cxd4 13.Qxd4 Nc6 14.Qe4 Na5 15.Ba6 b5
16.Bxb5 Qb6 17.Ba4 Rab8 18.Bb3 Rfc8 19.Kb1 dxe5 20.Rd7 Rc4 21.Qe2 Rxf4 22.Nd5 Rf2
23.Qd3 e4 24.Qd1 Qb5 25.Nxe7+ Kf8 26.Rd8+ Rxd8 27.Qxd8+ Qe8 28.Nxg6+ hxg6
29.Qxa5 e3 30.a4 Bf6 31.Re1 Qe7 32.Qd5 Rd2 33.Qc4 e2 34.Ka2 Rd1 35.Rxe2 Ra1+
36.Kxa1 Qa3+  0-1

[Event "ISR-chT"]
[Site "Israel"]
[Date "1999.04.16"]
[Round "8"]
[White "Uritzky, Maxim"]
[Black "Manor, Ilan"]
[Result "1-0"]
[WhiteElo "2412"]
[BlackElo "2513"]

1.e4 d6 2.d4 g6 3.Nc3 Bg7 4.Be3 a6 5.a4 Nf6 6.h3 O-O 7.Qd2 e5 8.d5 a5 9.g4 c6
10.g5 Ne8 11.O-O-O Na6 12.h4 Nb4 13.f3 Qe7 14.Bc4 cxd5 15.Nxd5 Nxd5 16.Bxd5 Nc7
17.Bb3 Rd8 18.Ne2 b5 19.Nc3 bxa4 20.Bxa4 Rb8 21.Ba7 Rb7 22.Bc5 Bf8 23.Ba3 Be6
24.f4 exf4 25.e5 Bg4 26.exd6 Qe6 27.Rde1 Qf5 28.Ne4 Nb5 29.Nf6+ Kg7 30.Bxb5 Rxb5
31.Qd4 Bf3 32.Rhf1 Bxd6 33.Nh5+  1-0

[Event "Golden Cleopatra op 3rd"]
[Site "Cairo"]
[Date "1999.04.17"]
[Round "7"]
[White "Berelovich, Aleksandar"]
[Black "Afifi, Assem"]
[Result "1-0"]
[WhiteElo "2484"]
[BlackElo "2311"]

1.e4 d6 2.d4 g6 3.Nc3 Bg7 4.Be3 a6 5.Qd2 b6 6.f3 h6 7.Nge2 e6 8.O-O-O Nd7
9.g4 Ne7 10.Ng3 Bb7 11.f4 b5 12.f5 e5 13.d5 Nf6 14.Be2 Bc8 15.Bf3 Bd7 16.h4 Nfg8
17.Qf2 b4 18.Nce2 c6 19.g5 gxf5 20.dxc6 Nxc6 21.Nxf5 Bf8 22.Nxd6+ Bxd6 23.Rxd6  1-0

[Event "BL2-N9899"]
[Site "Germany"]
[Date "1999.04.18"]
[Round "9.8"]
[White "Berger, Steve"]
[Black "Stippekohl, Peter"]
[Result "1-0"]
[WhiteElo "2140"]
[BlackElo "2230"]

1.e4 g6 2.d4 Bg7 3.Nc3 d6 4.Nf3 a6 5.a4 Nf6 6.h3 O-O 7.Be3 b6 8.Bd3 Bb7 9.Qe2 c5
10.O-O Nbd7 11.d5 Qc7 12.Nd2 Ne5 13.Bc4 Nxc4 14.Nxc4 Nd7 15.Bg5 Rfe8 16.f4 e6
17.Qf3 exd5 18.exd5 f5 19.Rfe1 Nf6 20.Bh4 Rad8 21.Qd3 Bc8 22.Nd2 Qb7 23.Nf3 Bd7
24.Ng5 b5 25.axb5 axb5 26.Ne6 Bxe6 27.dxe6 c4 28.Qd4 Ne4 29.Qd5 Qb6+ 30.Kh1 Nxc3
31.bxc3 Rc8 32.e7+ Kh8 33.Rad1 Bxc3 34.Qe6 Kg7 35.Rxd6 Qa5 36.Re3 b4 37.Rxc3 bxc3
38.Bf6+ Kh6 39.Bg5+ Kg7 40.Qf6+ Kg8 41.Bh6  1-0

[Event "BL2-O9899"]
[Site "Germany"]
[Date "1999.04.18"]
[Round "9.2"]
[White "Pribyl, Josef"]
[Black "Alber, Horst"]
[Result "1-0"]
[WhiteElo "2430"]
[BlackElo "2325"]

1.e4 g6 2.d4 Bg7 3.Nc3 d6 4.Be3 a6 5.a4 Nc6 6.d5 Ne5 7.f4 Ng4 8.Bd4 N8f6
9.h3 c5 10.dxc6 e5 11.fxe5 Nxe5 12.Bxe5 dxe5 13.Qxd8+ Kxd8 14.Bc4 bxc6 15.Bxf7 Bh6
16.Nf3 Rf8 17.Bc4 Nh5 18.Ne2 Nf4 19.O-O Bg7 20.Nc1 a5 21.Nd3 Nxd3 22.Rad1 Ke7
23.Rxd3 Rb8 24.b3 Bd7 25.Rfd1 Rb7 26.Rd6 Rf6 27.Rxf6 Bxf6 28.Kf2 Rb8 29.Ke3 Rf8
30.Rf1 Bc8 31.Kd3 Rd8+ 32.Kc3 Kd6 33.Ne1 Rf8 34.Nd3 Be7 35.Rxf8 Bxf8 36.Nb2 Kc7
37.Kd2 Ba3 38.Nd3 Bd6 39.c3 Kd7 40.Bg8 h6 41.Bh7 g5 42.Bf5+ Kc7 43.Bxc8 Kxc8
44.Nb2 Bc7 45.Kd3 Kd7 46.Kc4 Bb6 47.g4 Kc7 48.Kd3 Kd7 49.Nc4 Bc7 50.Ne3 Bd6
51.Kc4 Kc7 52.Nc2 Kb6 53.Ne1 Kc7 54.Nd3 Kb6 55.b4 Ka6 56.Nc5+ Kb6 57.Nb3 axb4
58.cxb4 Bb8 59.a5+ Kc7 60.Nc5 Kd6 61.Na4 Ba7 62.Nc3 Bf2 63.b5 cxb5+ 64.Nxb5+ Kc6
65.a6  1-0

[Event "BL2-S9899"]
[Site "Germany"]
[Date "1999.04.18"]
[Round "9.2"]
[White "Gerstner, Wolfgang"]
[Black "Trachtmann, Mark"]
[Result "1-0"]
[WhiteElo "2365"]
[BlackElo "2290"]

1.d4 g6 2.e4 Bg7 3.Nc3 d6 4.Be3 Nf6 5.f3 O-O 6.Qd2 e5 7.d5 c5 8.O-O-O Na6
9.g4 Nc7 10.Bh6 Nfe8 11.h4 Bxh6 12.Qxh6 f6 13.Be2 Qe7 14.f4 Qg7 15.Qxg7+ Kxg7
16.f5 Bd7 17.a4 Rb8 18.Kd2 b6 19.Nf3 a6 20.Ra1 Rb7 21.Nd1 gxf5 22.gxf5 Rg8
23.Ne3 Kf8 24.b3 b5 25.axb5 axb5 26.h5 Rb8 27.h6 Ra8 28.Rag1 Rxg1 29.Rxg1 b4
30.Nh4 Nb5 31.Ng6+ hxg6 32.Rxg6  1-0

[Event "St Quentin op"]
[Site "St Quentin"]
[Date "1999.04.20"]
[Round "4"]
[White "Te, Roza"]
[Black "Gorbatow, Alexej"]
[Result "1-0"]
[WhiteElo "2280"]
[BlackElo "2417"]

1.e4 g6 2.d4 Bg7 3.Nc3 d6 4.f4 c6 5.Nf3 b5 6.Bd3 Bg4 7.e5 d5 8.h3 Bxf3 9.Qxf3 e6
10.g4 Ne7 11.Be3 f6 12.f5 O-O 13.exf6 Rxf6 14.g5 Rxf5 15.Bxf5 Nxf5 16.O-O-O Nd7
17.Ne2 e5 18.h4 Qa5 19.Kb1 Re8 20.Ng3 Nxd4 21.Bxd4 exd4 22.h5 Ne5 23.Qe2 Qb4
24.hxg6 hxg6 25.Qh2 Kf7 26.a3 Qd6 27.Rdf1+ Ke6 28.Qh3+ Ke7 29.Qh7 Kd8 30.Qxg7  1-0

[Event "BEL-chT9899"]
[Site "Antwerp"]
[Date "1999.04.??"]
[Round "11"]
[White "Schuermans, Robert"]
[Black "Bernard, Nicolas"]
[Result "1-0"]
[WhiteElo "2169"]
[BlackElo "2200"]

1.e4 g6 2.d4 Bg7 3.Nc3 d6 4.f4 Nf6 5.Nf3 O-O 6.Be3 b6 7.e5 Ng4 8.Bg1 c5 9.h3 Nh6
10.d5 dxe5 11.fxe5 e6 12.Bf2 exd5 13.Bh4 Qd7 14.Bb5 Nc6 15.Nxd5 Kh8 16.Nf6 Qe6
17.Bxc6 Qxc6 18.g4 Bb7 19.O-O Ng8 20.g5 Rad8 21.Qe2 Qa4 22.c4 Ne7 23.b3 Qc6
24.Kh2 Qe6 25.Be1 Nf5 26.Bc3 h6 27.Qf2 h5 28.Rad1 Bxf3 29.Qxf3 Nd4 30.Bxd4 cxd4
31.Qe4 d3 32.Rd2 Qe7 33.Re1 Bxf6 34.gxf6 Qc5 35.Re3 Rfe8 36.Qf4 Qf8 37.Rexd3 Kh7
38.Rd5 Rxd5 39.cxd5 Qc5 40.e6 Qc3 41.e7 Qc5 42.d6  1-0

[Event "BEL-chT9899"]
[Site "Antwerp"]
[Date "1999.04.??"]
[Round "11"]
[White "Tolk, Peter"]
[Black "Carlier, Bruno"]
[Result "1/2-1/2"]
[WhiteElo "2290"]
[BlackElo "2415"]

1.e4 g6 2.d4 Bg7 3.Nc3 d6 4.Be3 Nf6 5.Qd2 c6 6.f3 b5 7.a4 b4 8.Nd1 a5 9.c3 bxc3
10.bxc3 O-O 11.Bd3 Nbd7 12.Ne2 e5 13.O-O Re8 14.Bh6 d5 15.Bxg7 Kxg7 16.Nf2 Ba6
17.Bxa6 Rxa6 18.Ng3 h6 19.f4 Nxe4 20.Nfxe4 dxe4 21.Nxe4 exf4 22.Qxf4 f5 23.Nd6 Re6
24.Rab1 Nb6 25.Qxh6+ Kxh6 26.Nf7+ Kh5 27.Nxd8 Rd6 28.Nb7 Rd5 29.Nc5 Rxc5
30.dxc5 Nxa4 31.Rf4 Nxc5 32.Rc4 Ne4 33.Ra1 Rb6 34.h3 Kh4 35.Rca4 Kg3 36.c4 Rb2
37.R1a3+ Kf4 38.c5 Rc2 39.g3+ Ke5 40.Rxa5 Kd5 41.g4 f4 42.Ra2 Rc1+ 43.Kg2 g5
44.Ra8 Kxc5 45.Kf3 Nc3 46.R2a5+ Nb5 47.Rg8 Rc3+ 48.Kf2 Rxh3 49.Rxg5+ Kb4
50.Ra1 Nd4 51.Rh5 Rf3+ 52.Kg2 Rg3+ 53.Kf2 Rxg4 54.Rb1+ Kc4 55.Rc1+ Kd3 56.Rd1+ Kc3
57.Rc1+ Kd2 58.Rxc6 Nxc6 59.Kf3 Rg8 60.Kxf4  1/2-1/2

[Event "EST-ch"]
[Site "Tallinn"]
[Date "1999.05.02"]
[Round "2"]
[White "Cheutshenko, Robert"]
[Black "Svirjov, Igor"]
[Result "0-1"]
[WhiteElo "2357"]
[BlackElo "2346"]

1.e4 g6 2.d4 Bg7 3.Nc3 d6 4.Bg5 a6 5.f4 b5 6.Nf3 Bb7 7.a4 b4 8.Nd5 Nf6 9.Bxf6 exf6
10.Bc4 O-O 11.O-O a5 12.f5 c6 13.Nf4 d5 14.exd5 cxd5 15.Bb5 Bc8 16.fxg6 hxg6
17.Nd3 Bf5 18.Qd2 Be4 19.c3 bxc3 20.Qxc3 Na6 21.Nc5 Nb4 22.Rae1 Rc8 23.Qd2 f5
24.Rc1 Rc7 25.Kh1 Bf6 26.Rc3 Kg7 27.Qf4 Re7 28.Ne5 Rh8 29.Ncd7 Bh4 30.Kg1 f6
31.Nf3 Bxf3 32.Rfxf3 Re1+ 33.Rf1 Qe7 34.Qc7 Rxf1+ 35.Bxf1 Be1 36.Nb6 Re8
37.Nc8 Qxc7 38.Rxc7+ Kh6 39.Nd6 Re6 40.Nf7+ Kh5 41.g3 f4 42.Nd8 Re3 43.Rh7+ Kg5
44.Nf7+ Kf5 45.Nd6+ Ke6 46.Nc8 fxg3 47.hxg3 Rxg3+ 48.Kh2 Nc6 49.Bb5 Nxd4
50.Re7+ Kf5 51.Rxe1 Kf4 52.Be2 Rb3 53.Rf1+ Ke5 54.Bd1 Rxb2+ 55.Kg1 Nf5 56.Na7 Ne3
57.Re1 Kf4 58.Be2 Ra2 59.Bb5 d4 60.Nc6 Ke4 61.Nxa5 d3 62.Nc4 d2 63.Rxe3+ Kd4
64.Nxd2 Kxe3 65.Nc4+ Kd4 66.Nd6 g5 67.Bd7 Ke5 68.Nf7+ Kf4 69.Nh6 Rd2 70.Bc8 Rd8
71.Bb7 Rb8 72.Bc6 Rb1+ 73.Kf2 g4 74.Bb5 Rb2+ 75.Kg1 Rc2 76.Bd7 Rc7 77.Be6 Rc6
78.Bd7 Rc1+ 79.Kg2 Rc2+ 80.Kg1 Rd2 81.Bc8 Rd8 82.Be6 g3 83.Kg2 Rd2+ 84.Kg1 Rd4
85.Bb3 Rb4 86.Bc2 Rb2 87.Bd3 Kf3 88.Nf5 Rd2 89.Bf1 Rb2 90.Nd4+ Kg4 91.Bb5 f5
92.Ne6 Kf3 93.Bc6+ Ke3 94.Ng7 Kf4 95.Bd7 Kf3 96.Bc6+ Kg4 97.Ne6 Rd2 98.Nf8 Kh3  0-1

[Event "EST-ch"]
[Site "Tallinn"]
[Date "1999.05.04"]
[Round "4"]
[White "Sepp, Olav"]
[Black "Svirjov, Igor"]
[Result "1-0"]
[WhiteElo "2397"]
[BlackElo "2346"]

1.e4 g6 2.d4 Bg7 3.Nc3 d6 4.Be3 a6 5.Qd2 b5 6.Bd3 Nc6 7.Nce2 e5 8.d5 Nce7
9.f3 f5 10.a4 Bd7 11.Nc3 b4 12.Na2 a5 13.c3 Nf6 14.Ne2 c6 15.dxc6 Bxc6 16.exf5 Nxf5
17.Bxf5 gxf5 18.cxb4 axb4 19.Nxb4 Rxa4 20.O-O Qd7 21.Rxa4 Bxa4 22.Nc3 Bb3
23.Ra1 f4 24.Ra8+ Kf7 25.Ra7 fxe3 26.Rxd7+ Nxd7 27.Qxe3 Rb8 28.Qa7 Be6 29.Nd3 h5
30.Ne4 Ke7 31.Qe3 Rg8 32.Nb4 Bf8 33.Qd2 h4 34.Nc6+ Kf7 35.Nd8+ Ke7 36.Nc6+ Kf7
37.Nd8+ Ke7 38.Qxd6+ Kxd8 39.Qxe6 Rg7 40.Qd5 h3 41.g4 Rg6 42.Kf2 Rb6 43.Kg3 Be7
44.b3 Ke8 45.Kxh3 Rh6+ 46.Kg3 Bh4+ 47.Kg2 Be7 48.g5 Rh5 49.g6  1-0

[Event "Capablanca mem Elite"]
[Site "Havana"]
[Date "1999.05.07"]
[Round "1"]
[White "Slobodjan, Roman"]
[Black "Arencibia, Walter"]
[Result "0-1"]
[WhiteElo "2536"]
[BlackElo "2520"]

1.e4 g6 2.d4 Bg7 3.Nc3 d6 4.Be3 a6 5.Be2 Nd7 6.h4 h5 7.Nh3 b5 8.Ng5 Bb7 9.f4 e6
10.f5 exf5 11.exf5 Qe7 12.Qd3 gxf5 13.Bf3 Bxf3 14.gxf3 Nb6 15.O-O-O Qd7 16.d5 Ne7
17.Rhe1 b4 18.Bd4 Be5 19.Ne2 Qb5 20.Bxe5 dxe5 21.Qb3 Qc4 22.d6 Qxb3 23.axb3 cxd6
24.Rxd6 Nbd5 25.c4 bxc3 26.Nxc3 Nf4 27.Kb1 Neg6 28.Nd5 Nxd5 29.Rxd5 Ke7 30.f4 f6
31.Nh3 Rhd8 32.Rc5 Rac8 33.Ra5 Rd3 34.Nf2 Rf3 35.Nd1 Nxf4 36.Rxa6 Nd3 37.Ra7+ Kf8
38.Re3 Rxe3  0-1

[Event "ISR-chT"]
[Site "Israel"]
[Date "1999.05.07"]
[Round "10"]
[White "Yudasina, Irina"]
[Black "Dotan, Valeria"]
[Result "1/2-1/2"]
[WhiteElo "2173"]
[BlackElo "2065"]

1.e4 d6 2.d4 g6 3.Nc3 Bg7 4.Bg5 c6 5.Qd2 a5 6.Nf3 Na6 7.Be2 Nc7 8.O-O Ne6
9.Be3 Bd7 10.Rad1 Nf6 11.e5 dxe5 12.dxe5 Ng4 13.Bb6 Qc8 14.Na4 Nxe5 15.Nxe5 Bxe5
16.f4 Bd6 17.Bd4 Nxd4 18.Qxd4 O-O 19.Nb6 Qc7 20.Nxa8 Rxa8 21.c4 c5 22.Qe3 Bc6
23.g3 e6 24.Rd3 Bf8 25.Rfd1 Ba4 26.b3 Be8 27.Qe5 Qb6 28.a4 Bg7 29.Qd6 Qb4
30.Bf3 Bf6 31.Qc7 Bc6 32.Bxc6 bxc6 33.Qxc6 Rb8 34.Qf3 Bd4+ 35.Kg2 Qa3 36.R1d2 Qa1
37.Qd1 Qa3 38.Re2 Qb4 39.Red2 Qa3 40.h3 Qb4 41.Qf3 Qa3 42.Qd1 Qb4 43.Kh2 Qb6
44.Re2 Qc6 45.Qe1 Rb4 46.Qh1 Qb6 47.Qf3 Qb8 48.Kg2 Rb6 49.g4 Kg7 50.g5 h6
51.gxh6+ Kxh6 52.Kf1 Qd8 53.Rg2 Kg7 54.Rg5 Qf6 55.h4 Rb8 56.Kg2 Kf8 57.Qe4 Re8
58.Rdg3 Rd8 59.Rd3 Kg7 60.Rf3 Rh8 61.f5 exf5 62.Rfxf5 Qb6 63.Rf3 Qd6 64.Qg4 Qe7
65.h5 Qe2+ 66.Kh3 Qe1 67.Rxg6+ Kf8 68.Qf5 Qh1+  1/2-1/2

[Event "Budapest FS05 IM"]
[Site "Budapest"]
[Date "1999.05.10"]
[Round "10"]
[White "Dembo, Yelena"]
[Black "Vukovic, Ivo"]
[Result "0-1"]
[WhiteElo "2180"]
[BlackElo "2295"]

1.e4 g6 2.d4 Bg7 3.Nc3 d6 4.f4 Nc6 5.d5 Nb8 6.Nf3 c6 7.Be3 cxd5 8.exd5 Nf6
9.Be2 O-O 10.O-O Nbd7 11.Kh1 Nb6 12.a4 a5 13.Qd3 Bd7 14.Nd2 Rc8 15.Bf3 Qc7
16.Rfe1 Bf5 17.Qb5 Nc4 18.Nxc4 Qxc4 19.Qxa5 Bxc2 20.Qb5 Qc7 21.Rac1 Bf5 22.Bb6 Qd7
23.Qe2 Rfe8 24.a5 h5 25.Nb5 Rxc1 26.Rxc1 Bg4 27.Bxg4 hxg4 28.Nc7 Rc8 29.Qe3 Nh5
30.b4 Bh6 31.g3 Qf5 32.Re1 Nf6 33.Rd1 Qd7 34.Rc1 Bf8 35.Kg1 Qa4 36.Qd2 Qb3
37.Be3 Qa3 38.Kg2 Ne4 39.Qd4 g5 40.Ra1 Qb3 41.Rc1 Bg7 42.Qb6 Qb2+ 43.Kg1 Nd2
44.Rd1 Nf3+ 45.Kf1 Nxh2+ 46.Kg1 Qe2 47.Bf2 Qxd1+ 48.Kxh2  0-1